Woollen Textiles: An International Trade Good in the Lycus Valley in Antiquity
| Main Author: | |
|---|---|
| Format: | Print Article |
| Language: | English |
| Check availability: | HBZ Gateway |
| Interlibrary Loan: | Interlibrary Loan for the Fachinformationsdienste (Specialized Information Services in Germany) |
| Published: |
2011
|
| In: |
Colossae in space and time
Year: 2011, Pages: 104-129 |
| RelBib Classification: | BC Ancient Orient; religion HH Archaeology |
| Further subjects: | B
Geography
B Economy B Clothing B Kolossai B Commerce B Lycia B Ram |
MARC
| LEADER | 00000caa a2200000 c 4500 | ||
|---|---|---|---|
| 001 | 1429316012 | ||
| 003 | DE-627 | ||
| 005 | 20220530132722.0 | ||
| 007 | tu | ||
| 008 | 120221s2011 xx ||||| 00| ||eng c | ||
| 020 | |a 9783525533970 | ||
| 035 | |a (DE-627)1429316012 | ||
| 035 | |a (DE-576)359316018 | ||
| 035 | |a (DE-599)BSZ359316018 | ||
| 040 | |a DE-627 |b ger |c DE-627 |e rakwb | ||
| 041 | |a eng | ||
| 084 | |a 1 |2 ssgn | ||
| 100 | 1 | |a Erdemir, Hatice |4 aut | |
| 245 | 1 | 0 | |a Woollen Textiles |b An International Trade Good in the Lycus Valley in Antiquity |c Hatice Erdemir |
| 264 | 1 | |c 2011 | |
| 336 | |a Text |b txt |2 rdacontent | ||
| 337 | |a ohne Hilfsmittel zu benutzen |b n |2 rdamedia | ||
| 338 | |a Band |b nc |2 rdacarrier | ||
| 650 | 0 | 7 | |0 (DE-588)4020216-1 |0 (DE-627)104394285 |0 (DE-576)208932429 |a Geografie |2 gnd |
| 650 | 0 | 7 | |0 (DE-588)4023222-0 |0 (DE-627)106304852 |0 (DE-576)208948155 |a Handel |2 gnd |
| 650 | 0 | 7 | |0 (DE-588)4031011-5 |0 (DE-627)104181028 |0 (DE-576)208990089 |a Kleidung |2 gnd |
| 650 | 0 | 7 | |0 (DE-588)4066399-1 |0 (DE-627)104346884 |0 (DE-576)209164522 |a Wirtschaft |2 gnd |
| 650 | 0 | 7 | |0 (DE-588)4251191-4 |0 (DE-627)104719451 |0 (DE-576)210512253 |a Widder |2 gnd |
| 651 | 7 | |0 (DE-588)4036748-4 |0 (DE-627)104263288 |0 (DE-576)209020210 |a Lykien |2 gnd | |
| 651 | 7 | |0 (DE-588)4391909-1 |0 (DE-627)190272635 |0 (DE-576)21195442X |a Kolossai |2 gnd | |
| 652 | |a BC:HH | ||
| 773 | 0 | 8 | |i In |t Colossae in space and time |d Göttingen [u. a.] : Vandenhoeck & Ruprecht, 2011 |g (2011), Seite 104-129 |h 368 S. |w (DE-627)658443100 |w (DE-576)345723074 |z 9783525533970 |z 3525533977 |7 nnam |
| 773 | 1 | 8 | |g year:2011 |g pages:104-129 |
| 935 | |a BIIN | ||
| 951 | |a AR | ||
| BIB | |a 1 | ||
| ELC | |b 1 | ||
| LOK | |0 000 xxxxxcx a22 zn 4500 | ||
| LOK | |0 001 3059865698 | ||
| LOK | |0 003 DE-627 | ||
| LOK | |0 004 1429316012 | ||
| LOK | |0 005 20220110155835 | ||
| LOK | |0 008 190311||||||||||||||||ger||||||| | ||
| LOK | |0 035 |a (DE-Tue135-1)211813 | ||
| LOK | |0 040 |a DE-Tue135-1 |c DE-627 |d DE-Tue135-1 | ||
| LOK | |0 852 |a DE-Tue135-1 | ||
| LOK | |0 852 1 |m p |9 00 | ||
| LOK | |0 852 2 |b FTH 206-7/6 COLO |9 00 | ||
| LOK | |0 8564 |u https://bibsearch.uibk.ac.at/AC08849018 | ||
| LOK | |0 935 |a iSWA | ||
| LOK | |0 936ln |0 1442044187 |a HH | ||
| LOK | |0 936ln |0 1442043377 |a BC | ||
| LOK | |0 938 |k p | ||
| LOK | |0 939 |a 11-03-19 |b l12 | ||
| ORI | |a SA-MARC-ixtheoa001.raw | ||
| REL | |a 1 | ||
| STA | 0 | 0 | |a Clothing,Clothing,Clothing and dress,Commerce,Trade,Economy,Economy,Economic life,Geography,Geography,Lycia,Lykia,Ram |
| STB | 0 | 0 | |a Bélier,Commerce,Géographie,Géographie,Vêtement,Vêtement,Habit,Habit,Vêtements,Habit (motif),Habit,Économie,Économie |
| STC | 0 | 0 | |a Carnero,Ariete,Ariete,Comercio,Economía,Economía,Geografía,Geografía,Ropa,Ropa |
| STD | 0 | 0 | |a Abbigliamento <motivo>,Abbigliamento,Vestiti,Vestiti,Abbigliamento,Vestiti (motivo),Vestiti,Ariete,Commercio,Economia,Economia,Geografia,Geografia |
| STE | 0 | 0 | |a 公羊,地理学,服装,服装,衣着,衣服,衣着,衣服,经济,贸易,商业 |
| STF | 0 | 0 | |a 公羊,地理學,服裝,服裝,衣著,衣服,衣著,衣服,經濟,貿易,商業 |
| STG | 0 | 0 | |a Carneiro,Aríete,Aríete,Comércio,Economia,Economia,Geografia,Geografia,Roupa,Roupa |
| STH | 0 | 0 | |a Баран,Овен,География (мотив),География,Одежда (мотив),Одежда,Торговля,Экономика (мотив),Экономика |
| STI | 0 | 0 | |a Γεωγραφία (μοτίβο),Γεωγραφία,Εμπόριο,Ενδύματα <μοτίβο>,Ενδύματα,Ρούχα,Ιματισμός,Ρούχα (μοτίβο),Ιματισμός (μοτίβο),Κριός,Οικονομία (μοτίβο),Οικονομία |
| SUB | |a BIB |a REL | ||
| SYE | 0 | 0 | |a Geographie,Geographie,Allgemeine Geographie,Geographische Landeskunde,Erdkunde,Allgemeine Geografie,Geografische Landeskunde , Warenhandel , Bekleidung,Kleidungsverhalten,Kleider,Outfit,Kostüm , Wirtschaftsleben,Ökonomie , Schafbock |
| SYF | 0 | 0 | |a Kolossä,Colossae |



